Online
Catalog

Ensayos de etnopsiquiatría general / (Record no. 18198)

MARC details
000 -CABECERA
campo de control de longitud fija 00742cam a2200217 a 4500
001 - NÚMERO DE CONTROL
campo de control 000018678
005 - FECHA Y HORA DE LA ÚLTIMA TRANSACCIÓN
campo de control 20200929165834.0
008 - DATOS DE LONGITUD FIJA--INFORMACIÓN GENERAL
campo de control de longitud fija 100513s1973 sp 000 0 spa d
020 ## - NÚMERO INTERNACIONAL ESTÁNDAR DEL LIBRO
Número Internacional Estándar del Libro 8421120123
040 ## - FUENTE DE LA CATALOGACIÓN
Centro catalogador/agencia de origen DO-SdBNP
Lengua de catalogación spa
Centro/agencia transcriptor BNPHU
082 ## - NÚMERO DE LA CLASIFICACIÓN DECIMAL DEWEY
Número de clasificación xxx
Número de documento/Ítem D491e
049 ## - FONDOS LOCALES (OCLC)
Fondos de biblioteca BNGR
100 1# - ENTRADA PRINCIPAL--NOMBRE DE PERSONA
Nombre de persona Devereux, Georges
9 (RLIN) 40335
245 10 - MENCIÓN DE TÍTULO
Título Ensayos de etnopsiquiatría general /
Mención de responsabilidad, etc. Georges Devereux; prefacio Roger Bastide; traducción Francisco Monge.
246 1# - FORMA VARIANTE DE TÍTULO
Título propio/Titulo breve Essais d´ethnopsychiatrie générale
260 ## - PUBLICACIÓN, DISTRIBUCIÓN, ETC.
Lugar de publicación, distribución, etc. Barcelona :
Nombre del editor, distribuidor, etc. Barral,
Fecha de publicación, distribución, etc. 1973.
300 ## - DESCRIPCIÓN FÍSICA
Extensión 399 p. ;
Dimensiones 23 cm.
504 ## - NOTA DE BIBLIOGRAFÍA, ETC.
Nota de bibliografía, etc. Incluye referencias bibliográficas y notas al pie de las páginas
700 1# - PUNTO DE ACCESO ADICIONAL--NOMBRE DE PERSONA
Nombre de persona Bastide, Roger
Término indicativo de función/relación pref.
9 (RLIN) 40336
700 1# - PUNTO DE ACCESO ADICIONAL--NOMBRE DE PERSONA
Nombre de persona Monge, Francisco
Término indicativo de función/relación tr.
9 (RLIN) 40337
Holdings
Estado de retiro Estado de pérdida Restricciones de uso No para préstamo Código de colección Localización permanente Ubicación/localización actual Ubicación en estantería Fecha de adquisición Número de inventario Total de préstamos Signatura topográfica completa Código de barras Fecha visto por última vez Precio válido a partir de Tipo de ítem Koha
        Monografías: Libros y Folletos General General En catalogación 13.05.2010 LF1   xxx D491e 18678-10 25.06.2020 25.06.2020 Préstamo en sala

Powered by Koha